Handbook of financial planning and control (Record no. 45269)

MARC details
000 -LEADER
fixed length control field 00534nam a2200145 a 4500
008 - FIXED-LENGTH DATA ELEMENTS--GENERAL INFORMATION
fixed length control field 120416s1981 ||||||||||||||||| || u
050 ## - LIBRARY OF CONGRESS CALL NUMBER
Classification number HG 4026 Poc
100 ## - MAIN ENTRY--PERSONAL NAME
Personal name Pocock, M. A
245 10 - TITLE STATEMENT
Title Handbook of financial planning and control
Statement of responsibility, etc. edited by M. A. Pocock
260 ## - PUBLICATION, DISTRIBUTION, ETC.
Place of publication, distribution, etc. Hants, [Eng.]
Name of publisher, distributor, etc. Gower
Date of publication, distribution, etc. 1981
300 ## - PHYSICAL DESCRIPTION
Extent xxii, 423p. : ill.
350 ## - PRICE (NR) (BK AM CF MU VM SE) [OBSOLETE]
Price 0.00
700 ## - ADDED ENTRY--PERSONAL NAME
Personal name Taylor, A. H
995 ## - RECOMMENDATION 995 [LOCAL, UNIMARC FRANCE]
-- 0.00
-- CBU-MAIN LIBRARY (Kitwe)
-- 1
-- 0.00
-- AVAILABLE
-- Annex Low-Usage Collection
Holdings
Withdrawn status Lost status Source of classification or shelving scheme Damaged status Not for loan Home library Current library Shelving location Date acquired Total Checkouts Full call number Barcode Date last seen Price effective from Koha item type
          CBU-MAIN LIBRARY, KITWE. CBU-MAIN LIBRARY, KITWE.   11/30/2022   HG 4026 Poc 007415 11/30/2022 11/30/2022 MONOGRAPH